| 000 | 01264nam a22001697a 4500 | ||
|---|---|---|---|
| 008 | 190716t2024 xxk | ||z| 00| 0 eng d | ||
| 110 |
_aAssociation of British Insurers _93272 |
||
| 245 | _aFire Safety Reinsurance Facility | ||
| 520 | _aMcGill and Partners and the ABI have launched a Fire Safety Reinsurance Facility to help improve the availability of insurance for higher-risk residential buildings awaiting work to fix fire safety issues. The Facility is intended to be in place for between three and five years whilst remediation takes place. After that time, buildings should be safer, and the Facility would no longer be needed. Further information can be found on this website to help answer questions for leaseholders, for freeholders or property managing agents responsible for taking out the building insurance policy and for the wider insurance industry. | ||
| 650 | _aCLADDING | ||
| 650 | _aFIRE SAFETY | ||
| 650 | _aHIGHER-RISK BUILDINGS | ||
| 650 | _aINSURANCE | ||
| 650 | _aRESIDENTIAL PROPERTY | ||
| 710 |
_aAssociation of British Insurers _93272 |
||
| 856 |
_uhttps://www.abi.org.uk/products-and-issues/choosing-the-right-insurance/home-insurance/buildings-insurance/fire-safety-reinsurance-facility _zABI Fire Safety reinsurance facility |
||
| 999 |
_c121870 _d121870 |
||